Nick Nolte Filmography - Statistics

General Stats
  • This quiz has been taken 53 times
    11 since last reset
  • The average score is 27 of 120
Answer Stats
Type Year Name % Correct
Film 1991 Cape Fear
63%
Film 1982 48 Hrs.
50%
Film 1982 Cannery Row
50%
Film 1972 Dirty Little Billy
50%
Film 1973 Electra Glide in Blue
50%
Film 1984 Grace Quigley
50%
Film 1980 Heart Beat
50%
Film 2004 Hotel Rwanda
50%
Film 1979 North Dallas Forty
50%
Film 1976 Northville Cemetery Massacre
50%
Film 2006 Over the Hedge
50%
Film 1975 Return to Macon County
50%
Film 1984 Teachers
50%
Film 1977 The Deep
50%
Film 1983 Under Fire
50%
Film 1978 Who'll Stop the Rain
50%
Film 2011 Zookeeper
50%
Film 1997 Affliction
38%
Film 1990 Everybody Wins
38%
Film 1987 Extreme Prejudice
38%
Film 1989 Farewell to the King
38%
Film 1989 New York Stories
38%
Film 1991 The Prince of Tides
38%
Film 1989 Three Fugitives
38%
Film 2011 Warrior
38%
Film 1987 Weeds
38%
TV Show 1975 Adams of Eagle Lake
25%
Film 1997 Afterglow
25%
Film 2019 Angel Has Fallen
25%
Film 1990 Another 48 Hrs.
25%
Film 2015 A Walk in the Woods
25%
TV Show 1974, 1975 Barnaby Jones
25%
Film 2010 Cats & Dogs: The Revenge of Kitty Galore
25%
Film 2004 Clean
25%
Film 2026 Crime 101
25%
Film 2013 Gangster Squad
25%
TV Mini-Series 2014 Gracepoint
25%
TV Show 2016-2017 Graves
25%
TV Show 1973 Griff
25%
Film 2018 Head Full of Honey
25%
Film 2003 Hulk
25%
Film 1994 I Love Trouble
25%
Film 1995 Jefferson in Paris
25%
Film 1992 Lorenzo's Oil
25%
TV Show 2011-2012 Luck
25%
Film 1996 Mulholland Falls
25%
Film 1997 Nightwatch
25%
Film 2014 Noah
25%
Film 2013 Parker
25%
Film 2006 Peaceful Warrior
25%
Web Series 2023 Poker Face
25%
Film 2015 Return to Sender
25%
TV Mini-Series 1976 Rich Man, Poor Man
25%
Film 2012 The Company You Keep
25%
Film 2002 The Good Thief
25%
Web Series 2019 The Mandalorian
25%
Film 2008 The Spiderwick Chronicles
25%
Film 1998 The Thin Red Line
25%
Film 2008 Tropic Thunder
25%
Film 1997 U Turn
25%
TV Film 1974 Winter Kill
25%
Film 2010 Arcadia Lost
13%
Film 2011 Arthur
13%
Film 2014 Asthma
13%
Film 2022 Blackout
13%
Film 1994 Blue Chips
13%
Film 1999 Breakfast of Champions
13%
TV Show 1973 Cannon
13%
Documentary 2007 Chicago 10: Speak Your Peace
13%
TV Show 1974 Chopper One
13%
TV Film 1974 Death Sentence
13%
TV Show 1969 Death Valley Days
13%
Film 2025 Die My Love
13%
TV Show 1974 Emergency!
13%
Music Video 1991 For All We Know
13%
TV Show 1974 Gunsmoke
13%
Film 2013 Hateship, Loveship
13%
Film 1994 I'll Do Anything
13%
Film 2001 Investigating Sex
13%
Film 2020 Last Words
13%
TV Show 1973, 1974 Medical Center
13%
Film 1996 Mother Night
13%
Short Film 2009 My Horizon
13%
Film 2010 My Own Love Song
13%
Film 2005 Neverwas
13%
Film 2006 Off the Black
13%
Web Series 2020 Paradise Lost
13%
Film 2006 Paris, je t'aime
13%
Music Video 1991 Places That Belong to You
13%
Film 1990 Q&A
13%
Film 2015 Run All Night
13%
Film 1999 Simpatico
13%
Film 2004 The Beautiful Country
13%
TV Film 1974 The California Kid
13%
Film 2000 The Golden Bowl
13%
Film 2025 The Golden Voice
13%
Theater 1972-1973 The Last Pad
13%
Theater 2000 The Late Henry Moss
13%
Film 2008 The Mysteries of Pittsburgh
13%
Film 2018 The Padre
13%
Film 1992 The Player
13%
Film 2015 The Ridiculous 6
13%
TV Show 1974 The Rookies
13%
TV Film 1975 The Runaway Barge
13%
TV Show 1974 The Streets of San Francisco
13%
TV Show 1974 Toma
13%
Film 2000 Trixie
13%
Documentary Series 2011-2012 Ultimate Rush
13%
TV Show 1969 Walt Disney's Wonderful World of Color
13%
Film 2006 A Few Days in September
0%
Film 2012 A puerta fría
0%
Documentary 2006 Buy the Ticket, Take the Ride: Hunter S. Thompson on Film
0%
Film 1986 Down and Out in Beverley Hills
0%
Documentary 2009 Huxley on Huxley
0%
Documentary 2008 Nick Nolte: No Exit
0%
Film 2003 Northfolk
0%
Film TBA Shelter Me
0%
Film TBA The Ploughmen
0%
Film 2013 The Trials of Kate McCall
0%
Short Film 2008 Tropic Thunder: Rain of Madness
0%
No matching quizzes found
Score Distribution
Percent of People with Each Score
Percentile by Number Answered
Your Score History
You have not taken this quiz since the last reset